| 000 | 00950nam a22002651c 4500 | ||
|---|---|---|---|
| 001 | 00002516764 | ||
| 003 | RU-10907106 | ||
| 005 | 20220623170222.0 | ||
| 008 | 050919s1983 gw |||| 000u ger d | ||
| 020 |
_a344702352x _93-447-02352-x |
||
| 040 |
_cRU-10907106 _aRU-10907106 _bger |
||
| 041 | _ager | ||
| 100 | 1 |
_aSeide, Georg _97658 |
|
| 245 | 0 | 0 | _aGeschichte der Russischen Orthodoxen Kirche im Ausland von der Gründung bis in die Gegenwart |
| 264 |
_aWiesbaden : _bHarrassowitz, _c1983 |
||
| 300 | _aXII, 476 S. | ||
| 336 |
_aText _btxt _2rdacontent |
||
| 337 |
_aComputermedien _bc _2rdamedia |
||
| 338 |
_aOnline-Ressource _bcr _2rdacarrier |
||
| 490 | 0 |
_aOsteuropa-Institut <München>: Veröffentlichungen des ... / Reihe Geschichte _v51 |
|
| 500 | _afrei im Netz zugänglich | ||
| 700 | 1 |
_aHösch, Edgar _eHerausgeberIn _97659 |
|
| 856 | 4 | _uhttp://nbn-resolving.de/urn/resolver.pl?urn=urn:nbn:de:bvb:12-bsb00042523-6 | |
| 942 |
_cEB _2z |
||
| 999 |
_c40990 _d40990 |
||